000 00595nam a22002297a 4500
003 UA-OsUOA
001 93039
007 ta
008 20130111b un ||||| |||| 00| 0 ukr d
100 _aБалтушіс Ю. К.
090 _a821.172
_bБ20
942 _cBK
040 _aUA-OsUOA
_bukr
_cUA-OsUOA
_dUA-OsUOA
245 _aСказання про Юзу
_bроман
300 _a219 с.
955 _a3
041 _aukr
080 _a821.172
260 _aК.
_bДніпро
_c1984
650 7 _a82 Література. Літературознавство
_2UDC
999 _c378984
_d378984